000 00831nam a22001935i 4500
001 164616
003 ES-MaACL
005 20250816063148.0
008 050801s1884 sp | |||||||| ||spa d
040 _aCAM
_bspa
_cCAM
100 1 _aSánchez y González de Somoano, José,
_d1850-1913
_9133037
245 1 0 _aVersos trasnochados
_b: gimnástica intelectual /
_cpor José Sánchez y González de Somoano; con prólogo de Antonio Guerra y Alarcón.
260 _aMadrid :
_b[s.n.],
_c1884 (
_fImprenta de M. Minuesa de los Ríos)
300 _a46, [48] p. ;
_c15 cm.
597 _aLas [48] p. sólo con texto en el recto.
700 1 _aGuerra y Alarcón, Antonio.
_9127603
852 _aES-MaACL
_jT-403-F-7
_z-- Enc. hol.
_z-- Dedic. ms. del autor al Ateneo Ciéntifico y Literario de Madrid
999 _c164616
_d164616